Лоция Баренцева моря. Ч. 2: Дополнение № 2-1939 г. к Лоции Баренцова моря, ч. 2. Мурманский берег. Изд. 1935 г. (Запись № 13615696)

Подробности
000 -МАРКЕР
контрольное поле 01743nam2a2200325 4500
001 - ИДЕНТИФИКАТОР ЗАПИСИ
контрольное поле rc\3002308
005 - ИДЕНТИФИКАТОР ВЕРСИИ
контрольное поле 20260315063807.0
010 ## - МЕЖДУНАРОДНЫЙ СТАНДАРТНЫЙ НОМЕР КНИГИ (ISBN)
Цена Беспл.
Тираж 800
021 ## - НОМЕР ГОСУДАРСТВЕННОЙ РЕГИСТРАЦИИ
Код страны Российская Федерация
Номер [39-10132]
035 ## - ДРУГИЕ СИСТЕМНЫЕ НОМЕРА
Идентификатор записи (NLR Aleph) 007145366
100 ## - ДАННЫЕ ОБЩЕЙ ОБРАБОТКИ
Данные общей обработки 20110920d1939 k y0rusy50 ca
101 0# - ЯЗЫК РЕСУРСА
Язык текста, звукозаписи и т.д. русский
102 ## - СТРАНА ПУБЛИКАЦИИ ИЛИ ПРОИЗВОДСТВА
Страна публикации Российская Федерация
105 ## - ПОЛЕ КОДИРОВАННЫХ ДАННЫХ: ТЕКСТОВЫЕ МАТЕРИАЛЫ, МОНОГРАФИЧЕСКИЕ
Кодированные данные о монографическом текстовом документе a g |||||
200 0# - ЗАГЛАВИЕ И СВЕДЕНИЯ ОБ ОТВЕТСТВЕННОСТИ
Основное заглавие Дополнение № 2-1939 г. к Лоции Баренцова моря, ч. 2. Мурманский берег. Изд. 1935 г.
Сведения, относящиеся к заглавию исправленное на 15 февраля 1939 г.
210 ## - ПУБЛИКАЦИЯ, РАСПРОСТРАНЕНИЕ И ДР.
Дата издания, распространения и т.д. 1939
215 ## - ФИЗИЧЕСКАЯ ХАРАКТЕРИСТИКА
Специфическое обозначение материала и объем 44 л.
Другие сведения о физической характеристике черт.
Размеры 25
422 #0 - ИЗДАНИЕ, К КОТОРОМУ ОТНОСИТСЯ ПРИЛОЖЕНИЕ
Встроенное поле 2001#$aЛоция Баренцева моря$hч. 2$iМурманский берег
-- 210##$d1935
-- 5451#$aМурманский берег
Заглавие Лоция Баренцева моря
461 #0 - УРОВЕНЬ НАБОРА
Встроенное поле 001rc\3002303
-- 2001#$aЛоция Баренцева моря$fГидрогр. отд-ние УМС РККА$vЧ. 2
Системный номер (АБИС) связанной записи 7097020
Место публикации Ленинград
Дата публикации 1935-1946
Первые сведения об ответственности Гидрографический отдел УМС РККА
Имя издателя, распространителя и т.д. Издательство и картотипография Гидрографического отдела УМС РККА
Заглавие Лоция Баренцева моря
Номер тома Ч. 2
540 1# - ДОПОЛНИТЕЛЬНОЕ ЗАГЛАВИЕ, ПРИМЕНЯЕМОЕ КАТАЛОГИЗАТОРОМ
Заглавие Лоция Баренцева моря, ч. 2. Мурманский берег. Изд. 1935 г.
Сведения о заглавии дополнение № 2-1939 г.
607 ## - ГЕОГРАФИЧЕСКОЕ НАИМЕНОВАНИЕ КАК ПРЕДМЕТ
Географическое наименование Мурманское побережье
Формальный подзаголовок Лоция
Системный номер авторитетной/нормативной записи 1421190
Идентификатор авторитетной/нормативной записи RU\NLR\AUTH\66599713
607 ## - ГЕОГРАФИЧЕСКОЕ НАИМЕНОВАНИЕ КАК ПРЕДМЕТ
Географическое наименование Баренцево море
Тематический подзаголовок Лоция
Системный номер авторитетной/нормативной записи 1194762
Идентификатор авторитетной/нормативной записи RU\NLR\AUTH\66164858
686 ## - ИНДЕКСЫ ДРУГИХ КЛАССИФИКАЦИЙ
Индекс О471.12,1(912.3)
801 #0 - ИСТОЧНИК ЗАПИСИ
Страна Российская Федерация
Организация NLR
Правила каталогизации psbo
801 #1 - ИСТОЧНИК ЗАПИСИ
Страна Российская Федерация
Организация ELAR
Источник данных rusmarc
852 ## - МЕСТОНАХОЖДЕНИЕ И ШИФР ХРАНЕНИЯ
Идентификатор организации NLR
Шифр хранения (Call Number) 35-19/172 (2-2)
942 ## - ДОПОЛНИТЕЛЬНЫЕ ЭЛЕМЕНТЫ ЗАПИСИ (АБИС)
Тип экземпляра АБИС Неопределено
980 ## - КОЛЛЕКЦИЯ
Название коллекции Национальная библиография

Нет доступных экземпляров.